Organizational ethics : (Record no. 131024)

MARC details
000 -LEADER
fixed length control field 00824cam a22002537i 4500
003 - CONTROL NUMBER IDENTIFIER
control field OSt
005 - DATE AND TIME OF LATEST TRANSACTION
control field 20240222080907.0
008 - FIXED-LENGTH DATA ELEMENTS--GENERAL INFORMATION
fixed length control field
020 ## - INTERNATIONAL STANDARD BOOK NUMBER
International Standard Book Number 9781483344409 (paper back)
040 ## - CATALOGING SOURCE
Original cataloging agency NUST
Transcribing agency NUST
Language of cataloging eng
Modifying agency NUST
Description conventions rda
050 ## - LIBRARY OF CONGRESS CALL NUMBER
Classification number HF5387 JOH
100 1# - MAIN ENTRY--PERSONAL NAME
Personal name Johnson, Craig E..
245 10 - TITLE STATEMENT
Title Organizational ethics :
Remainder of title a practical approach /
Statement of responsibility, etc. Craig E. Johnson, George Fox University.
250 ## - EDITION STATEMENT
Edition statement Third edition
260 ## - PUBLICATION, DISTRIBUTION, ETC.
Place of publication, distribution, etc. Thousand Oaks:
Name of publisher, distributor, etc. SAGE,
Date of publication, distribution, etc. ©2016
300 ## - PHYSICAL DESCRIPTION
Extent xxxii, 509 pages
Other physical details illustrations
Dimensions 23 cm.
336 ## - CONTENT TYPE
Source rda
Content type term text
Content type code txt
337 ## - MEDIA TYPE
Source rda
Media type term unmediated
Media type code n
338 ## - CARRIER TYPE
Source rda
Carrier type term volume
Carrier type code nc
504 ## - BIBLIOGRAPHY, ETC. NOTE
Bibliography, etc. note Includes bibliographical references and index
650 #0 - SUBJECT ADDED ENTRY--TOPICAL TERM
Topical term or geographic name entry element Business ethics.
650 #0 - SUBJECT ADDED ENTRY--TOPICAL TERM
Topical term or geographic name entry element Corporate culture.
942 ## - ADDED ENTRY ELEMENTS (KOHA)
Koha item type Ordinary Loan Books
Call number prefix HF
Call number suffix JOH
Source of classification or shelving scheme Library of Congress Classification
Classification part HF5387
Suppress in OPAC No
Holdings
Withdrawn status Lost status Source of classification or shelving scheme Damaged status Not for loan Collection Home library Current library Shelving location Date acquired Source of acquisition Cost, normal purchase price Total Checkouts Full call number Barcode Date last seen Accession number Cost, replacement price Price effective from Koha item type Public note
    LCC     NFIC MAIN MAIN GEN 05/16/2023 Donation 18.00 1 HF5387 JOH 92004042814 01/23/2023 53299 18.00 05/16/2023 BOOKS Purchase